Statistiques concernant Quiz pays - Pays ayant "port" dans le nom de sa capitale

Cliquez ici pour prendre le quiz!

Statistiques générales

  • Ce quiz a été pris 127 fois
  • Le résultat moyen est 4 sur 5

Statistiques - réponses

HintRéponse% Correct
HaitïPort-au-Prince
97%
Îles MauricePort-Louis
80%
Papouasie-Nouvelle-GuinéePort-Moresby
80%
Trinité-et-TobagoPort-d'Espagne
72%
VanuatuPort-Vila
63%

Distribution des résultats

Percentile par nombre de réponses

% des personnes avec chaque résultat

Votre développement - résultats

Vous n’avez pas pris ce quiz